Statistics for 40 Historical People: when did they live?

Click here to take the quiz!

General Stats

  • This quiz has been taken 191 times
  • The average score is 26 of 40

Answer Stats

PersonYears% Correct
Neil Armstrong1930-2012
93%
Winston Churchill1874-1965
93%
Margaret Thatcher1925-2013
92%
Mohandas Gandhi1869-1948
87%
Adolf Hitler1889-1945
85%
Mao Zedong1893-1976
84%
Charles Darwin1809-1882
83%
George Washington1732-1799
83%
Franklin D. Roosevelt1882-1945
83%
Thomas Edison1847-1931
82%
Mark Twain1835-1910
82%
Rosa Parks1913-2005
82%
Helen Keller1880-1968
77%
Isaac Newton1642-1726/7
76%
Abraham Lincoln1809-1865
76%
Vladimir Lenin1870-1924
75%
Christopher Columbus1450-1506
75%
Jesus7/2 BC-30/33 AD
72%
Charles Dickens1812-1870
71%
Napoleon1769-1821
71%
Martin Luther King, Jr.1929-1968
67%
Queen Elizabeth I1533-1603
64%
Ludwig van Beethoven1770-1827
62%
Leonardo da Vinci1452-1519
62%
Amelia Earhart1897-1937
61%
William Shakespeare1564-1616
61%
Martin Luther1483-1546
59%
Oliver Cromwell1599-1658
56%
Julius Caesar100 BC-44 BC
56%
Johannes Gutenberg1398-1468
52%
Muhammad570-632
47%
James Cook1728-1779
43%
Simón Bolívar1783-1830
43%
Jane Austen1775-1817
42%
Horatio Nelson1758-1805
41%
HomerUnknown
40%
Hannibal247 BC-183/181 BC
33%
Alexander the Great356 BC-323 BC
26%
Laozi6th/4th century BC
21%
Joan of Arc1412-1431
21%

Score Distribution

Percentile by Number Answered

Percent of People with Each Score

Your Score History

You have not taken this quiz